Drużyny sportowe które naj częściej wygrywali ulc - Statystyki

Ogólne statystyki
  • Ten quiz został rozwiązany 75 razy
  • Średni wynik to 5 z 15
Statystyki odpowiedzi
Ile razy Kluby % Poprawnych
14 Real Madryt
99%
5 FC Barcelona
93%
7 Ac milan
86%
6 Liverpool
77%
6 Bayern Monachium
73%
2 Juventus
62%
2 Ajax
42%
2 Bayern Leverkusen
3%
2 Azel alkmarh
1%
3 Menczenster utd
1%
0 Nikt
1%
0 Nikt
1%
0 Nikt
1%
0 Nikt
1%
0 Nikt
1%
Nie znaleziono quizów pasujących do podanych kryteriów
Rozkład punktacji
Procent ludzi z każdym wynikiem
Percentyl według liczby udzielonych odpowiedzi
Twoja historia wyników
Nie rozwiązałeś tego quizu